00000000nam##2200000za#4500
0019.663205
003CaOODSP
00520210615120937
007ta
008150407|2001||||xxc|||||     f|0| 0 eng|d
020 |a0-662-66074-9
040 |aCaOODSP|beng
041 |aeng
041 |afre
043 |an-cn---
0861 |aC2-592/2001
1101 |aCanada. |bIndustry Canada.
24510|aCanadian Consumer Information Gateway
260 |aOttawa - Ontario : |bIndustry Canada |c2001.
546 |aBilingual
563 |aPamphlet
590 |a02-02|b2002-01-11
69007|aConsumer protection|2gcpds
69007|aWeb sites|2gcpds
792 |tPasserelle d'information pour le consommateur canadien |efre|w(CaOODSP)9.663206